<?xml version="1.0" encoding="UTF-8"?>
<record
    xmlns:xsi="http://www.w3.org/2001/XMLSchema-instance"
    xsi:schemaLocation="http://www.loc.gov/MARC21/slim http://www.loc.gov/standards/marcxml/schema/MARC21slim.xsd"
    xmlns="http://www.loc.gov/MARC21/slim">

  <leader>02540nam a22002297a 4500</leader>
  <controlfield tag="001">6630</controlfield>
  <controlfield tag="003">FISKH</controlfield>
  <controlfield tag="005">20250516115142.0</controlfield>
  <controlfield tag="008">250516b        cb ||||| |||| 00| 0 eng d</controlfield>
  <datafield tag="040" ind1=" " ind2=" ">
    <subfield code="a">FISKH</subfield>
    <subfield code="b">khr</subfield>
    <subfield code="c">FISKH</subfield>
    <subfield code="d">FISKH</subfield>
  </datafield>
  <datafield tag="082" ind1=" " ind2=" ">
    <subfield code="a">510</subfield>
  </datafield>
  <datafield tag="100" ind1=" " ind2=" ">
    <subfield code="a">Vanneurn, Sum</subfield>
  </datafield>
  <datafield tag="245" ind1=" " ind2=" ">
    <subfield code="a">&#x179B;&#x17C6;&#x17A0;&#x17B6;&#x178F;&#x17CB;&#x1782;&#x178E;&#x17B7;&#x178F;&#x179C;&#x17B7;&#x1791;&#x17D2;&#x1799;&#x17B6;&#x1791;&#x17BC;&#x1791;&#x17C5; :</subfield>
    <subfield code="b">&#x179F;&#x1798;&#x17D2;&#x179A;&#x17B6;&#x1794;&#x17CB;&#x179F;&#x17B7;&#x179F;&#x17D2;&#x179F;&#x1796;&#x17BC;&#x1780;&#x17C2;&#x1791;&#x17BC;&#x1791;&#x17C5; &#x1793;&#x17B7;&#x1784;&#x178F;&#x17D2;&#x179A;&#x17C0;&#x1798;&#x1794;&#x17D2;&#x179A;&#x179B;&#x1784;&#x17A2;&#x17B6;&#x17A0;&#x17B6;&#x179A;&#x17BC;&#x1794;&#x1780;&#x179A;&#x178E;&#x17CF; /</subfield>
    <subfield code="c">&#x1793;&#x17B7;&#x1796;&#x1793;&#x17D2;&#x1792;&#x178A;&#x17C4;&#x1799;&#x179B;&#x17C4;&#x1780;&#x1782;&#x17D2;&#x179A;&#x17BC; &#x179F;&#x17CA;&#x17BB;&#x17C6; &#x179C;&#x17C9;&#x17B6;&#x1793;&#x17CB;&#x1793;&#x17BF;&#x1793; &#x1793;&#x17B7;&#x1784; &#x1791;&#x17BA;&#x1798; &#x179C;&#x178E;&#x17D2;&#x178E;&#x17B6;&#x200B;</subfield>
  </datafield>
  <datafield tag="260" ind1=" " ind2=" ">
    <subfield code="a">&#x1797;&#x17D2;&#x1793;&#x17C6;&#x1796;&#x17C1;&#x1789; :</subfield>
    <subfield code="c">&#x17E2;&#x17E0;&#x17E0;&#x17E9; . </subfield>
  </datafield>
  <datafield tag="300" ind1=" " ind2=" ">
    <subfield code="a">151 pages : </subfield>
    <subfield code="b">illustrations ;</subfield>
    <subfield code="c">20 cm . </subfield>
  </datafield>
  <datafield tag="520" ind1=" " ind2=" ">
    <subfield code="a">&#xAB;&#x179F;&#x17C0;&#x179C;&#x1797;&#x17C5;&#x179B;&#x17C6;&#x17A0;&#x17B6;&#x178F;&#x17CB;&#x1782;&#x178E;&#x17B7;&#x178F;&#x179C;&#x17B7;&#x1791;&#x17D2;&#x1799;&#x17B6;&#x1791;&#x17BC;&#x1791;&#x17C5; &#x179F;&#x1798;&#x17D2;&#x179A;&#x17B6;&#x1794;&#x17CB;&#x179F;&#x17B7;&#x179F;&#x17D2;&#x179F;&#x1796;&#x17BC;&#x1780;&#x17C2;&#x1791;&#x17BC;&#x1791;&#x17C5; &#x1793;&#x17B7;&#x1784;&#x178F;&#x17D2;&#x179A;&#x17C0;&#x1798;&#x1794;&#x17D2;&#x179A;&#x17A1;&#x1784;&#x17A2;&#x17B6;&#x17A0;&#x17B6;&#x179A;&#x17BC;&#x1794;&#x1780;&#x179A;&#x178E;&#x17CD;&#xBB;

&#x179F;&#x17C0;&#x179C;&#x1797;&#x17C5;&#x1793;&#x17C1;&#x17C7;&#x1782;&#x17BA;&#x1787;&#x17B6;&#x179F;&#x17C0;&#x179C;&#x1797;&#x17C5;&#x179F;&#x17C6;&#x178E;&#x17BD;&#x179A;&#x179B;&#x17C6;&#x17A0;&#x17B6;&#x178F;&#x17CB;&#x1782;&#x178E;&#x17B7;&#x178F;&#x179C;&#x17B7;&#x1791;&#x17D2;&#x1799;&#x17B6;&#x178A;&#x17C2;&#x179B;&#x178F;&#x17D2;&#x179A;&#x17BC;&#x179C;&#x1794;&#x17B6;&#x1793;&#x179A;&#x17C0;&#x1794;&#x179A;&#x17B6;&#x1794;&#x17CB;&#x17A1;&#x17BE;&#x1784;&#x178A;&#x17C4;&#x1799;&#x1795;&#x17D2;&#x17A2;&#x17C2;&#x1780;&#x179B;&#x17BE;&#x1798;&#x17B6;&#x178F;&#x17B7;&#x1780;&#x17B6;&#x1782;&#x178E;&#x17B7;&#x178F;&#x179C;&#x17B7;&#x1791;&#x17D2;&#x1799;&#x17B6;&#x1798;&#x1792;&#x17D2;&#x1799;&#x1798;&#x179F;&#x17B7;&#x1780;&#x17D2;&#x179F;&#x17B6;&#x1791;&#x17BB;&#x178F;&#x17B7;&#x1799;&#x1797;&#x17BC;&#x1798;&#x17B7; (&#x1790;&#x17D2;&#x1793;&#x17B6;&#x1780;&#x17CB;&#x1791;&#x17B8; &#x17E1;&#x17E2;) &#x178A;&#x17C4;&#x1799;&#x1795;&#x17D2;&#x178A;&#x17C4;&#x178F;&#x179B;&#x17BE;&#x1780;&#x17B6;&#x179A;&#x1794;&#x1784;&#x17D2;&#x1780;&#x17BE;&#x1793;&#x179F;&#x1798;&#x178F;&#x17D2;&#x1790;&#x1797;&#x17B6;&#x1796;&#x179C;&#x17B7;&#x1797;&#x17B6;&#x1782; &#x1793;&#x17B7;&#x1784;&#x178A;&#x17C4;&#x17C7;&#x179F;&#x17D2;&#x179A;&#x17B6;&#x1799;&#x1794;&#x1789;&#x17D2;&#x17A0;&#x17B6; &#x17B1;&#x17D2;&#x1799;&#x179F;&#x17B7;&#x179F;&#x17D2;&#x179F;&#x1798;&#x17B6;&#x1793;&#x1787;&#x17C6;&#x1793;&#x17B6;&#x1789;&#x1781;&#x17D2;&#x1796;&#x179F;&#x17CB;&#x1780;&#x17D2;&#x1793;&#x17BB;&#x1784;&#x1780;&#x17B6;&#x179A;&#x178F;&#x17D2;&#x179A;&#x17C0;&#x1798;&#x1794;&#x17D2;&#x179A;&#x17A1;&#x1784;&#x179F;&#x17C6;&#x1781;&#x17B6;&#x1793;&#x17CB;&#x17D7; &#x178A;&#x17BC;&#x1785;&#x1787;&#x17B6;&#x17D6;

&#x1794;&#x17D2;&#x179A;&#x17A1;&#x1784;&#x1787;&#x17B6;&#x178F;&#x17B7;&#x1790;&#x17D2;&#x1793;&#x17B6;&#x1780;&#x17CB;&#x1791;&#x17B8; &#x17E1;&#x17E2;

&#x1794;&#x17D2;&#x179A;&#x17A1;&#x1784;&#x1787;&#x17D2;&#x179A;&#x17BE;&#x179F;&#x179A;&#x17BE;&#x179F;&#x17A2;&#x17B6;&#x17A0;&#x17B6;&#x179A;&#x17BC;&#x1794;&#x1780;&#x179A;&#x178E;&#x17CD;&#x1780;&#x17D2;&#x1793;&#x17BB;&#x1784;&#x1794;&#x17D2;&#x179A;&#x1791;&#x17C1;&#x179F; &#x1793;&#x17B7;&#x1784;&#x1780;&#x17D2;&#x179A;&#x17C5;&#x1794;&#x17D2;&#x179A;&#x1791;&#x17C1;&#x179F;

&#x1794;&#x17D2;&#x179A;&#x17A1;&#x1784;&#x179F;&#x17B7;&#x179F;&#x17D2;&#x179F;&#x1796;&#x17BC;&#x1780;&#x17C2;&#x1782;&#x178E;&#x17B7;&#x178F;&#x179C;&#x17B7;&#x1791;&#x17D2;&#x1799;&#x17B6;</subfield>
  </datafield>
  <datafield tag="520" ind1=" " ind2=" ">
    <subfield code="a">"General Mathematics Exercise Book for Outstanding Students and Scholarship Exam Preparation"

This book is a mathematics exercise book based on the Grade 12 high school mathematics curriculum. It focuses on enhancing analytical skills and problem-solving abilities, aiming to equip students with advanced competencies to prepare for major exams such as:

The National Grade 12 Exam

Scholarship selection exams, both domestic and international

Mathematics Olympiad and gifted student competitions</subfield>
  </datafield>
  <datafield tag="650" ind1=" " ind2=" ">
    <subfield code="a">&#x1782;&#x178E;&#x17B7;&#x178F;&#x179C;&#x17B7;&#x1791;&#x17D2;&#x1799;&#x17B6;</subfield>
  </datafield>
  <datafield tag="650" ind1=" " ind2=" ">
    <subfield code="a">Mathematics</subfield>
  </datafield>
  <datafield tag="942" ind1=" " ind2=" ">
    <subfield code="2">ddc</subfield>
    <subfield code="c">KHB</subfield>
    <subfield code="n">0</subfield>
  </datafield>
  <datafield tag="999" ind1=" " ind2=" ">
    <subfield code="c">6630</subfield>
    <subfield code="d">6630</subfield>
  </datafield>
  <datafield tag="952" ind1=" " ind2=" ">
    <subfield code="0">0</subfield>
    <subfield code="1">0</subfield>
    <subfield code="2">ddc</subfield>
    <subfield code="4">0</subfield>
    <subfield code="7">0</subfield>
    <subfield code="8">KH</subfield>
    <subfield code="a">002</subfield>
    <subfield code="b">002</subfield>
    <subfield code="c">SKB</subfield>
    <subfield code="d">2025-05-16</subfield>
    <subfield code="l">0</subfield>
    <subfield code="o">VAN 510</subfield>
    <subfield code="p">2025-1314</subfield>
    <subfield code="r">2025-05-16 11:51:39</subfield>
    <subfield code="w">2025-05-16</subfield>
    <subfield code="y">KHB</subfield>
  </datafield>
</record>
